[Event "Voronezh op-B 18th"]
[Site "Voronezh"]
[Date "2014.06.20"]
[Round "9"]
[White "Leun, Victor"]
[Black "Shestakova, Ekaterina"]
[Result "1-0"]
[WhiteElo "1843"]
[BlackElo "1398"]
[PlyCount "120"]
[EventDate "2014.06.12"]
[EventType "swiss"]
[EventRounds "9"]
[EventCountry "RUS"]
[SourceTitle "EXT 2015"]
[Source "ChessBase"]
[SourceDate "2014.11.20"]
[SourceVersion "1"]
[SourceVersionDate "2014.11.20"]
[SourceQuality "1"]

1. e4 c5 2. Nf3 e6 3. d4 cxd4 4. c3 dxc3 5. Nxc3 Nc6 6. Bc4 Nf6 7. Qe2 d6 8. 0-0 Be7 9. Rd1 Bd7 10. Bg5 Qb8 11. Rac1 0-0 12. e5 Ne8 13. Bxe7 Nxe7 14. exd6 Nxd6 15. Ne4 Nec8 16. Ne5 Be8 17. Nc5 Nb6 18. Bxe6 fxe6 19. Nxe6 Bb5 20. Qg4 Ne8 21. Nxf8 Qxe5 22. Qe6+ Qxe6 23. Nxe6 Bc6 24. b3 Nf6 25. f3 Re8 26. Nd4 Bd5 27. Kf2 Rc8 28. Rxc8+ Nxc8 29. Nb5 a6 30. Nc7 Nb6 31. Nxd5 Nbxd5 32. Rc1 Kf7 33. g3 Nd7 34. Ke2 Ke6 35. a3 Kd6 36. Rc8 Nc5 37. Rd8+ Ke6 38. b4 Nd7 39. f4 N7f6 40. Kd3 Ng4 41. Kd4 Ne7 42. Kc5 Nf5 43. h3 Nf2 44. g4 Ne4+ 45. Kb6 Nfd6 46. g5 Ke7 47. Rh8 Nd2 48. Rxh7 Kf7 49. Rh8 N2c4+ 50. Kc5 Ke6 51. a4 b6+ 52. Kd4 Nb2 53. a5 bxa5 54. bxa5 Nb5+ 55. Ke4 Nc4 56. f5+ Kf7 57. Ra8 Nxa5 58. Rxa6 Nc4 59. h4 Nd2+ 60. Kd3 g6 1-0

[Event "Voronezh Rating op 03-B"]
[Site "Voronezh"]
[Date "2014.04.02"]
[Round "8"]
[White "Leun, Victor"]
[Black "Klimentov, Evgeny"]
[Result "0-1"]
[WhiteElo "1849"]
[BlackElo "2003"]
[PlyCount "46"]
[EventDate "2014.03.20"]
[EventType "swiss"]
[EventRounds "9"]
[EventCountry "RUS"]
[SourceTitle "EXT 2015"]
[Source "ChessBase"]
[SourceDate "2014.11.20"]
[SourceVersion "1"]
[SourceVersionDate "2014.11.20"]
[SourceQuality "1"]

1. e4 c5 2. Nc3 Nc6 3. g3 g6 4. Bg2 Bg7 5. d3 d6 6. f4 e6 7. Nf3 Nge7 8. 0-0 0-0 9. Be3 Nd4 10. Bf2 Bd7 11. Nxd4 cxd4 12. Ne2 Nc6 13. c3 dxc3 14. bxc3 b5 15. Rb1 Qa5 16. Qb3 Rab8 17. d4 Rfc8 18. Bh3 Qc7 19. e5 Na5 20. Qa3 Nc4 21. exd6 Nxd6 22. d5 Nc4 23. Qc1 exd5 0-1

[Event "Voronezh Region-ch Seniors"]
[Site "Voronezh"]
[Date "2013.11.19"]
[Round "4"]
[White "Leun, Victor"]
[Black "Koshelev, Vladimir"]
[Result "0-1"]
[WhiteElo "1879"]
[BlackElo "1865"]
[PlyCount "38"]
[EventDate "2013.11.15"]
[EventType "swiss"]
[EventRounds "9"]
[EventCountry "RUS"]
[SourceTitle "EXT 2015"]
[Source "ChessBase"]
[SourceDate "2014.11.20"]
[SourceVersion "1"]
[SourceVersionDate "2014.11.20"]
[SourceQuality "1"]

1. e4 d6 2. d4 Nf6 3. Nc3 g6 4. f4 Bg7 5. Nf3 0-0 6. Be2 Na6 7. 0-0 c5 8. e5 Nd7 9. Be3 cxd4 10. Bxd4 Ndc5 11. exd6 Qxd6 12. Bxg7 Qxd1 13. Raxd1 Kxg7 14. Nd5 e6 15. Ne7 b6 16. Ne5 Bb7 17. Nc4 Nb4 18. c3 Nd5 19. Bf3 Rad8 0-1

[Event "Voronezh Region-ch Seniors"]
[Site "Voronezh"]
[Date "2013.11.17"]
[Round "3"]
[White "Chermashentsev, Victor"]
[Black "Leun, Victor"]
[Result "0-1"]
[WhiteElo "1779"]
[BlackElo "1879"]
[PlyCount "48"]
[EventDate "2013.11.15"]
[EventType "swiss"]
[EventRounds "9"]
[EventCountry "RUS"]
[SourceTitle "EXT 2015"]
[Source "ChessBase"]
[SourceDate "2014.11.20"]
[SourceVersion "1"]
[SourceVersionDate "2014.11.20"]
[SourceQuality "1"]

1. e4 Nf6 2. Nc3 d5 3. e5 Nfd7 4. d4 c5 5. Be3 e6 6. f4 cxd4 7. Bxd4 Nc6 8. Bf2 Bc5 9. Qd2 0-0 10. Nf3 a6 11. Be2 Bxf2+ 12. Kxf2 Qb6+ 13. Kg3 f6 14. exf6 Nxf6 15. Ne5 d4 16. Nxc6 bxc6 17. Na4 Ne4+ 18. Kh3 e5+ 19. Bg4 Bxg4+ 20. Kxg4 Qb5 21. Qd1 Rxf4+ 22. Kh5 Nf6+ 23. Kg5 Rg4+ 24. Kf5 e4+ 0-1

[Event "Voronezh-ch"]
[Site "Voronezh"]
[Date "2013.10.18"]
[Round "1"]
[White "Vinogradov, Anatoly"]
[Black "Leun, Victor"]
[Result "1-0"]
[WhiteElo "2097"]
[BlackElo "1919"]
[PlyCount "89"]
[EventDate "2013.10.18"]
[EventType "swiss"]
[EventRounds "9"]
[EventCountry "RUS"]
[SourceTitle "EXT 2014"]
[Source "ChessBase"]
[SourceDate "2013.11.20"]
[SourceVersion "1"]
[SourceVersionDate "2013.11.20"]
[SourceQuality "1"]

1. d4 Nf6 2. c4 e5 3. dxe5 Ne4 4. Nf3 b6 5. Nbd2 Bb7 6. e3 d6 7. exd6 Bxd6 8. Nxe4 Bxe4 9. Bd2 0-0 10. Bc3 Nc6 11. Bd3 Bxd3 12. Qxd3 Nb4 13. Bxb4 Bxb4+ 14. Ke2 Qe7 15. Rhd1 Rad8 16. Qc2 Bd6 17. h3 f5 18. Kf1 f4 19. e4 Rfe8 20. Re1 Be5 21. Rad1 Rxd1 22. Rxd1 Bd6 23. e5 Bc5 24. b3 Qf7 25. Qd3 h6 26. Qe4 a5 27. a4 g6 28. Rd5 Kg7 29. Qd3 Re7 30. Rd8 Re8 31. Rxe8 Qxe8 32. Qe4 g5 33. Qb7 Qd7 34. Ke2 Qe7 35. Qc8 Bd6 36. Qf5 Bc5 37. h4 gxh4 38. Qxf4 Qf7 39. Qxf7+ Kxf7 40. Nxh4 Ke6 41. f4 Be7 42. g3 c6 43. Ke3 Bc5+ 44. Ke4 Bf2 45. Nf5 1-0

[Event "Voronezh op-B 17th"]
[Site "Voronezh"]
[Date "2013.06.17"]
[Round "6"]
[White "Leun, Victor"]
[Black "Popova, Yulia"]
[Result "1-0"]
[WhiteElo "1919"]
[BlackElo "1774"]
[PlyCount "73"]
[EventDate "2013.06.12"]
[EventType "swiss"]
[EventRounds "9"]
[EventCountry "RUS"]
[SourceTitle "EXT 2014"]
[Source "ChessBase"]
[SourceDate "2013.11.20"]
[SourceVersion "1"]
[SourceVersionDate "2013.11.20"]
[SourceQuality "1"]

1. e4 e5 2. Nf3 Qe7 3. Nc3 c6 4. d4 d6 5. Bc4 g6 6. Bg5 Nf6 7. Qd2 h6 8. Bh4 Bg7 9. 0-0-0 0-0 10. Bg3 Nxe4 11. Nxe4 d5 12. Bxe5 dxe4 13. Rhe1 Bf5 14. h3 b5 15. Bb3 a5 16. a3 b4 17. a4 Be6 18. Bxg7 Kxg7 19. Rxe4 Na6 20. Bxe6 fxe6 21. Ne5 c5 22. Ng4 g5 23. d5 Rad8 24. h4 h5 25. d6 Qf7 26. Qxg5+ Kh8 27. Qe5+ Kh7 28. Ne3 Qg6 29. f3 Rf6 30. g4 Rxf3 31. gxh5 Qf7 32. Qxe6 Qxe6 33. Rxe6 Rf4 34. Nd5 Rxh4 35. d7 Nb8 36. Re8 Nc6 37. Ne7 1-0

[Event "Voronezh op-B 17th"]
[Site "Voronezh"]
[Date "2013.06.13"]
[Round "2"]
[White "Leun, Victor"]
[Black "Shabunin, Danil"]
[Result "1-0"]
[WhiteElo "1919"]
[BlackElo "1748"]
[PlyCount "67"]
[EventDate "2013.06.12"]
[EventType "swiss"]
[EventRounds "9"]
[EventCountry "RUS"]
[SourceTitle "EXT 2014"]
[Source "ChessBase"]
[SourceDate "2013.11.20"]
[SourceVersion "1"]
[SourceVersionDate "2013.11.20"]
[SourceQuality "1"]

1. e4 e5 2. Nf3 Nc6 3. d4 exd4 4. Nxd4 Nf6 5. Nxc6 bxc6 6. e5 Qe7 7. Qe2 Nd5 8. c4 Ba6 9. b3 Qh4 10. a3 Bc5 11. g3 Bxf2+ 12. Qxf2 Qe4+ 13. Kd2 Qxh1 14. Bg2 Qxh2 15. cxd5 cxd5 16. Bb2 0-0 17. Nc3 Qh6+ 18. Qf4 Qxf4+ 19. gxf4 c6 20. b4 Bc4 21. Na4 a5 22. Nb6 Ra7 23. Bd4 Rb7 24. Bc5 Re8 25. Bh3 Re6 26. Bxe6 dxe6 27. Nxc4 dxc4 28. bxa5 Rb5 29. a6 c3+ 30. Kc2 Rxc5 31. a7 Ra5 32. Rb1 h5 33. Rb8+ Kh7 34. a8Q 1-0

[Event "Voronezh op-B 17th"]
[Site "Voronezh"]
[Date "2013.06.12"]
[Round "1"]
[White "Elishev, Ivan"]
[Black "Leun, Victor"]
[Result "1-0"]
[WhiteElo "2179"]
[BlackElo "1919"]
[PlyCount "47"]
[EventDate "2013.06.12"]
[EventType "swiss"]
[EventRounds "9"]
[EventCountry "RUS"]
[SourceTitle "EXT 2014"]
[Source "ChessBase"]
[SourceDate "2013.11.20"]
[SourceVersion "1"]
[SourceVersionDate "2013.11.20"]
[SourceQuality "1"]

1. e4 Nf6 2. e5 Nd5 3. c4 Nb6 4. c5 Nd5 5. Nc3 e6 6. Bc4 Nxc3 7. dxc3 Bxc5 8. Qg4 Rf8 9. Nf3 Qe7 10. b4 f5 11. Qh5+ g6 12. Qh6 Bxb4 13. cxb4 Qxb4+ 14. Nd2 Qc3 15. 0-0 Qxe5 16. Ba3 Rf7 17. Rae1 Qc3 18. Re3 Qg7 19. Qf4 Nc6 20. Nf3 a6 21. Ng5 b5 22. Bd5 Kd8 23. Bxc6 dxc6 24. Rd1+ 1-0

[Event "Voronezh Region Senior -ch op"]
[Site "Voronezh"]
[Date "2012.11.23"]
[Round "4.4"]
[White "Nartov, Albert"]
[Black "Leun, Victor"]
[Result "1-0"]
[WhiteElo "1705"]
[BlackElo "1929"]
[PlyCount "47"]
[EventDate "2012.11.20"]
[EventType "swiss"]
[EventRounds "8"]
[EventCountry "RUS"]
[SourceTitle "EXT 2022"]
[Source "ChessBase"]
[SourceDate "2021.10.06"]
[SourceVersion "1"]
[SourceVersionDate "2021.10.06"]
[SourceQuality "1"]

1. c4 c5 2. Nf3 Nf6 3. d3 e6 4. Bg5 Be7 5. e4 d6 6. Be2 Nc6 7. 0-0 0-0 8. Nc3 h6 9. Bh4 a6 10. Qd2 Nxe4 11. Nxe4 Bxh4 12. Nxh4 Qxh4 13. Nxd6 Rd8 14. Nxc8 Raxc8 15. f4 Nd4 16. Rf2 Rc7 17. Rd1 Rcd7 18. Bf1 Qg4 19. Kh1 h5 20. Re1 Nc6 21. a3 a5 22. Rfe2 h4 23. h3 Nd4 24. hxg4 1-0

[Event "Voronezh-ch"]
[Site "Voronezh"]
[Date "2012.10.21"]
[Round "3"]
[White "Popov, Kirill"]
[Black "Leun, Victor"]
[Result "1-0"]
[WhiteElo "2049"]
[BlackElo "1929"]
[PlyCount "41"]
[EventDate "2012.10.19"]
[EventType "swiss"]
[EventRounds "9"]
[EventCountry "RUS"]
[SourceTitle "EXT 2013"]
[Source "ChessBase"]
[SourceDate "2012.11.22"]
[SourceVersion "1"]
[SourceVersionDate "2012.11.22"]
[SourceQuality "1"]

1. e4 Nf6 2. e5 Nd5 3. d4 d6 4. c4 Nb6 5. exd6 exd6 6. Nc3 Be7 7. b3 0-0 8. Be3 Bf5 9. Qf3 Bd7 10. Bd3 Nc6 11. Rd1 Bg5 12. Nh3 Bxe3 13. fxe3 Qh4+ 14. Nf2 Rae8 15. 0-0 Re6 16. g3 Qe7 17. Rfe1 f5 18. Nd5 Qd8 19. Nc3 Rh6 20. Rd2 Ne7 21. Rde2 1-0

[Event "Voronezh Region-ch"]
[Site "Voronezh"]
[Date "2011.12.14"]
[Round "5"]
[White "Leun, Victor"]
[Black "Aleksandrov, Victor"]
[Result "0-1"]
[WhiteElo "1883"]
[BlackElo "1854"]
[PlyCount "70"]
[EventDate "2011.12.09"]
[EventType "swiss"]
[EventRounds "9"]
[EventCountry "RUS"]
[SourceTitle "CBM 146 Extra"]
[Source "ChessBase"]
[SourceDate "2012.02.29"]
[SourceVersion "1"]
[SourceVersionDate "2012.02.29"]
[SourceQuality "1"]

1. d4 Nf6 2. Bg5 Ne4 3. Bh4 d5 4. f3 Nd6 5. Nd2 Bf5 6. e3 c6 7. Bd3 Nd7 8. Ne2 Qb6 9. 0-0 Nf6 10. Nb3 h6 11. Bxf6 gxf6 12. Ng3 Bxd3 13. Qxd3 e6 14. a4 h5 15. a5 Qc7 16. Nc5 h4 17. Ne2 Bh6 18. f4 f5 19. b3 Bg7 20. c4 Ke7 21. cxd5 exd5 22. Rfc1 a6 23. Nc3 Qd8 24. Qe2 Kf6 25. Nd3 Qe7 26. Ne5 Qe6 27. Rc2 Ke7 28. Rac1 Qh6 29. Na4 Rhe8 30. Nb6 Rad8 31. Nxc6+ bxc6 32. Rxc6 Kf8 33. Nxd5 Bxd4 34. Qd3 Bxe3+ 35. Kh1 Bxc1 0-1

[Event "Voronezh-ch Seniors"]
[Site "Voronezh"]
[Date "2011.10.28"]
[Round "4.3"]
[White "Gritsenko, Vladimir"]
[Black "Leun, Victor"]
[Result "1-0"]
[WhiteElo "2245"]
[BlackElo "1883"]
[PlyCount "51"]
[EventDate "2011.10.25"]
[EventType "swiss"]
[EventRounds "8"]
[EventCountry "RUS"]
[SourceTitle "EXT 2022"]
[Source "ChessBase"]
[SourceDate "2021.10.06"]
[SourceVersion "1"]
[SourceVersionDate "2021.10.06"]
[SourceQuality "1"]

1. Nf3 c5 2. c4 Nc6 3. Nc3 Nf6 4. g3 g6 5. Bg2 Bg7 6. d4 cxd4 7. Nxd4 0-0 8. 0-0 Nxd4 9. Qxd4 d6 10. Qd3 Rb8 11. Bd2 b6 12. Rac1 Bb7 13. e4 Nd7 14. b3 Ne5 15. Qe2 Nc6 16. Be3 Nd4 17. Qd2 Ne6 18. Nd5 Nc5 19. Rfd1 Bxd5 20. cxd5 f5 21. exf5 Rxf5 22. b4 Nd7 23. f4 Nf6 24. Bh3 Rh5 25. Be6+ Kh8 26. Rc6 1-0